000 00680nam a2200229 a 4500
001 BRL_1903
005 20190320211427.0
008 170815s1931----enk######d---#000-0#ger-#
041 _agerspa
044 _aenk
050 4 _aPC4645.G3
_b.L36 1931
245 1 0 _aLangenscheidts Universal Wörterbuch, spanisch
260 _aBerlin
_bLangenscheidtsche Verlagsbuchhandiung
_c1931
300 _a2v. en 1
_c10 cm.
500 _aAu2156
500 _aEstado físico: Tiene el lomo desprendido.
500 _aTexto en: español y alemán
651 4 _aEspañol
_vdiccionario
_xAlemán
_928196
651 4 _aAlemán
_vdiccionario
_xEspañol
_928197
902 _aGRL
942 _2lcc
_cB
999 _c10711
_d10711